<?xml version="1.0" encoding="UTF-8"?>
<record
    xmlns:xsi="http://www.w3.org/2001/XMLSchema-instance"
    xsi:schemaLocation="http://www.loc.gov/MARC21/slim http://www.loc.gov/standards/marcxml/schema/MARC21slim.xsd"
    xmlns="http://www.loc.gov/MARC21/slim">

  <leader>00883cam a22002534a 4500</leader>
  <controlfield tag="001">TB12054</controlfield>
  <controlfield tag="003">IN-BhIIT</controlfield>
  <controlfield tag="005">20260101155610.0</controlfield>
  <controlfield tag="008">100330s2011    maua     b    001 0 eng  </controlfield>
  <datafield tag="020" ind1=" " ind2=" ">
    <subfield code="a">9789332542884 (PBK)</subfield>
  </datafield>
  <datafield tag="040" ind1=" " ind2=" ">
    <subfield code="a">IN-BhIIT</subfield>
  </datafield>
  <datafield tag="041" ind1=" " ind2=" ">
    <subfield code="a">eng</subfield>
  </datafield>
  <datafield tag="082" ind1="0" ind2="0">
    <subfield code="a">621.395</subfield>
    <subfield code="b">WES/C</subfield>
  </datafield>
  <datafield tag="100" ind1="1" ind2=" ">
    <subfield code="a">Weste, Neil H. E.</subfield>
    <subfield code="e">Author</subfield>
    <subfield code="9">25115</subfield>
  </datafield>
  <datafield tag="245" ind1="1" ind2="0">
    <subfield code="a">CMOS VLSI design :</subfield>
    <subfield code="b">a circuits and systems perspective /</subfield>
    <subfield code="c">by Neil H.E. Weste, David Money Harris.</subfield>
  </datafield>
  <datafield tag="250" ind1=" " ind2=" ">
    <subfield code="a">4th ed.</subfield>
  </datafield>
  <datafield tag="260" ind1=" " ind2=" ">
    <subfield code="a">Boston :</subfield>
    <subfield code="b">Addison Wesley,</subfield>
    <subfield code="c">c2011.</subfield>
  </datafield>
  <datafield tag="300" ind1=" " ind2=" ">
    <subfield code="a">xxv, 383 p. :</subfield>
    <subfield code="b">col. ill. ;</subfield>
    <subfield code="c">26 cm.</subfield>
  </datafield>
  <datafield tag="504" ind1=" " ind2=" ">
    <subfield code="a">Includes bibliographical references and index.</subfield>
  </datafield>
  <datafield tag="650" ind1=" " ind2="0">
    <subfield code="a">Integrated circuits</subfield>
    <subfield code="x">Very large scale integration</subfield>
    <subfield code="x">Design and construction.</subfield>
    <subfield code="9">1090</subfield>
  </datafield>
  <datafield tag="650" ind1=" " ind2="0">
    <subfield code="a">Metal oxide semiconductors, Complementary.</subfield>
    <subfield code="9">279</subfield>
  </datafield>
  <datafield tag="700" ind1="1" ind2=" ">
    <subfield code="a">Harris, David Money.</subfield>
    <subfield code="e">Joint author</subfield>
    <subfield code="9">25024</subfield>
  </datafield>
  <datafield tag="942" ind1=" " ind2=" ">
    <subfield code="c">TB</subfield>
    <subfield code="0">5</subfield>
  </datafield>
  <datafield tag="999" ind1=" " ind2=" ">
    <subfield code="c">14589</subfield>
    <subfield code="d">14589</subfield>
  </datafield>
  <datafield tag="952" ind1=" " ind2=" ">
    <subfield code="0">0</subfield>
    <subfield code="1">0</subfield>
    <subfield code="2">ddc</subfield>
    <subfield code="4">0</subfield>
    <subfield code="7">0</subfield>
    <subfield code="8">SES</subfield>
    <subfield code="a">CLIITBBS</subfield>
    <subfield code="b">CLIITBBS</subfield>
    <subfield code="d">2024-12-31</subfield>
    <subfield code="e">32</subfield>
    <subfield code="g">791.25</subfield>
    <subfield code="l">1</subfield>
    <subfield code="m">2</subfield>
    <subfield code="o">621.395 WES/C</subfield>
    <subfield code="p">TB12062</subfield>
    <subfield code="r">2026-02-23 18:39:55</subfield>
    <subfield code="s">2025-08-19</subfield>
    <subfield code="v">1055.00</subfield>
    <subfield code="w">2024-12-31</subfield>
    <subfield code="y">TB</subfield>
  </datafield>
  <datafield tag="952" ind1=" " ind2=" ">
    <subfield code="0">0</subfield>
    <subfield code="1">0</subfield>
    <subfield code="2">ddc</subfield>
    <subfield code="4">0</subfield>
    <subfield code="7">0</subfield>
    <subfield code="8">SES</subfield>
    <subfield code="a">CLIITBBS</subfield>
    <subfield code="b">CLIITBBS</subfield>
    <subfield code="d">2024-12-31</subfield>
    <subfield code="e">32</subfield>
    <subfield code="g">791.25</subfield>
    <subfield code="l">1</subfield>
    <subfield code="m">1</subfield>
    <subfield code="o">621.395 WES/C</subfield>
    <subfield code="p">TB12059</subfield>
    <subfield code="r">2026-01-19 17:01:59</subfield>
    <subfield code="s">2025-12-17</subfield>
    <subfield code="v">1055.00</subfield>
    <subfield code="w">2024-12-31</subfield>
    <subfield code="y">TB</subfield>
  </datafield>
  <datafield tag="952" ind1=" " ind2=" ">
    <subfield code="0">0</subfield>
    <subfield code="1">0</subfield>
    <subfield code="2">ddc</subfield>
    <subfield code="4">0</subfield>
    <subfield code="7">0</subfield>
    <subfield code="8">SES</subfield>
    <subfield code="a">CLIITBBS</subfield>
    <subfield code="b">CLIITBBS</subfield>
    <subfield code="d">2024-12-31</subfield>
    <subfield code="e">32</subfield>
    <subfield code="g">791.25</subfield>
    <subfield code="l">1</subfield>
    <subfield code="o">621.395 WES/C</subfield>
    <subfield code="p">TB12057</subfield>
    <subfield code="q">2026-07-08</subfield>
    <subfield code="r">2026-01-01 15:56:10</subfield>
    <subfield code="s">2026-01-01</subfield>
    <subfield code="v">1055.00</subfield>
    <subfield code="w">2024-12-31</subfield>
    <subfield code="y">TB</subfield>
  </datafield>
  <datafield tag="952" ind1=" " ind2=" ">
    <subfield code="0">0</subfield>
    <subfield code="1">0</subfield>
    <subfield code="2">ddc</subfield>
    <subfield code="4">0</subfield>
    <subfield code="7">0</subfield>
    <subfield code="8">SES</subfield>
    <subfield code="a">CLIITBBS</subfield>
    <subfield code="b">CLIITBBS</subfield>
    <subfield code="d">2024-12-31</subfield>
    <subfield code="e">32</subfield>
    <subfield code="g">791.25</subfield>
    <subfield code="l">0</subfield>
    <subfield code="o">621.395 WES/C</subfield>
    <subfield code="p">TB12058</subfield>
    <subfield code="r">2024-12-31 00:00:00</subfield>
    <subfield code="v">1055.00</subfield>
    <subfield code="w">2024-12-31</subfield>
    <subfield code="y">TB</subfield>
  </datafield>
  <datafield tag="952" ind1=" " ind2=" ">
    <subfield code="0">0</subfield>
    <subfield code="1">0</subfield>
    <subfield code="2">ddc</subfield>
    <subfield code="4">0</subfield>
    <subfield code="7">0</subfield>
    <subfield code="8">SES</subfield>
    <subfield code="a">CLIITBBS</subfield>
    <subfield code="b">CLIITBBS</subfield>
    <subfield code="d">2024-12-31</subfield>
    <subfield code="e">32</subfield>
    <subfield code="g">791.25</subfield>
    <subfield code="l">0</subfield>
    <subfield code="o">621.395 WES/C</subfield>
    <subfield code="p">TB12056</subfield>
    <subfield code="r">2024-12-31 00:00:00</subfield>
    <subfield code="v">1055.00</subfield>
    <subfield code="w">2024-12-31</subfield>
    <subfield code="y">TB</subfield>
  </datafield>
  <datafield tag="952" ind1=" " ind2=" ">
    <subfield code="0">0</subfield>
    <subfield code="1">0</subfield>
    <subfield code="2">ddc</subfield>
    <subfield code="4">0</subfield>
    <subfield code="7">0</subfield>
    <subfield code="8">SES</subfield>
    <subfield code="a">CLIITBBS</subfield>
    <subfield code="b">CLIITBBS</subfield>
    <subfield code="d">2024-12-31</subfield>
    <subfield code="e">32</subfield>
    <subfield code="g">791.25</subfield>
    <subfield code="l">0</subfield>
    <subfield code="o">621.395 WES/C</subfield>
    <subfield code="p">TB12061</subfield>
    <subfield code="r">2024-12-31 00:00:00</subfield>
    <subfield code="v">1055.00</subfield>
    <subfield code="w">2024-12-31</subfield>
    <subfield code="y">TB</subfield>
  </datafield>
  <datafield tag="952" ind1=" " ind2=" ">
    <subfield code="0">0</subfield>
    <subfield code="1">0</subfield>
    <subfield code="2">ddc</subfield>
    <subfield code="4">0</subfield>
    <subfield code="7">0</subfield>
    <subfield code="8">SES</subfield>
    <subfield code="a">CLIITBBS</subfield>
    <subfield code="b">CLIITBBS</subfield>
    <subfield code="d">2024-12-31</subfield>
    <subfield code="e">32</subfield>
    <subfield code="g">791.25</subfield>
    <subfield code="l">1</subfield>
    <subfield code="o">621.395 WES/C</subfield>
    <subfield code="p">TB12060</subfield>
    <subfield code="r">2026-02-10 15:48:45</subfield>
    <subfield code="s">2025-08-09</subfield>
    <subfield code="v">1055.00</subfield>
    <subfield code="w">2024-12-31</subfield>
    <subfield code="y">TB</subfield>
  </datafield>
  <datafield tag="952" ind1=" " ind2=" ">
    <subfield code="0">0</subfield>
    <subfield code="1">0</subfield>
    <subfield code="2">ddc</subfield>
    <subfield code="4">0</subfield>
    <subfield code="7">0</subfield>
    <subfield code="8">SES</subfield>
    <subfield code="a">CLIITBBS</subfield>
    <subfield code="b">CLIITBBS</subfield>
    <subfield code="d">2024-12-31</subfield>
    <subfield code="e">32</subfield>
    <subfield code="g">791.25</subfield>
    <subfield code="l">0</subfield>
    <subfield code="o">621.395 WES/C</subfield>
    <subfield code="p">TB12055</subfield>
    <subfield code="r">2024-12-31 00:00:00</subfield>
    <subfield code="v">1055.00</subfield>
    <subfield code="w">2024-12-31</subfield>
    <subfield code="y">TB</subfield>
  </datafield>
  <datafield tag="952" ind1=" " ind2=" ">
    <subfield code="0">0</subfield>
    <subfield code="1">0</subfield>
    <subfield code="2">ddc</subfield>
    <subfield code="4">0</subfield>
    <subfield code="7">0</subfield>
    <subfield code="8">SES</subfield>
    <subfield code="a">CLIITBBS</subfield>
    <subfield code="b">CLIITBBS</subfield>
    <subfield code="d">2024-12-31</subfield>
    <subfield code="e">32</subfield>
    <subfield code="g">791.25</subfield>
    <subfield code="l">1</subfield>
    <subfield code="m">2</subfield>
    <subfield code="o">621.395 WES/C</subfield>
    <subfield code="p">TB12063</subfield>
    <subfield code="r">2026-05-15 15:41:37</subfield>
    <subfield code="s">2025-11-07</subfield>
    <subfield code="v">1055.00</subfield>
    <subfield code="w">2024-12-31</subfield>
    <subfield code="y">TB</subfield>
  </datafield>
  <datafield tag="952" ind1=" " ind2=" ">
    <subfield code="0">0</subfield>
    <subfield code="1">0</subfield>
    <subfield code="2">ddc</subfield>
    <subfield code="4">0</subfield>
    <subfield code="7">0</subfield>
    <subfield code="8">SES</subfield>
    <subfield code="a">CLIITBBS</subfield>
    <subfield code="b">CLIITBBS</subfield>
    <subfield code="d">2024-12-31</subfield>
    <subfield code="e">32</subfield>
    <subfield code="g">791.25</subfield>
    <subfield code="l">0</subfield>
    <subfield code="o">621.395 WES/C</subfield>
    <subfield code="p">TB12054</subfield>
    <subfield code="r">2024-12-31 00:00:00</subfield>
    <subfield code="v">1055.00</subfield>
    <subfield code="w">2024-12-31</subfield>
    <subfield code="y">RES</subfield>
  </datafield>
</record>
